Наративні моделі сучасної української історичної прози (за творчістю Павла Загребельного та Валерія Шевчука) (Запис № 460927)

МАРК-запис
000 -Лідер
fixed length control field 02714nam a22002657a 4500
001 - Контрольний номер
control field 216219031
003 - Ідентифікатор контрольного номера
control field UA-OsUOA
005 - Дата та час останнього входження (трансакції)
control field 20210103164139.0
008 - Елементи даних фіксованої довжини – загальна інформація
fixed length control field 200810b un ||||| m||| 00| 0 ukr d
040 ## - Джерело каталогізації
Агенція оригінальної каталогізації UA-OsUOA
Мова каталогізації ukr
Агенція, яка здійснювала перезапис UA-OsUOA
Агенція, яка здійснювала модифікацію UA-OsUOA
041 ## - Код мови
Код мови тексту/ звукової доріжки чи окремого заголовка (П) ukr
080 ## - Індекс Універсальної десяткової класифікації
Індекс Універсальної десяткової класифікації (УДК) (НП) 82.0+82-311.6(477)
090 ## - Локальний шифр розміщення
Класифікаційний індекс УДК 82.0+82-311.6(477)
095 ## - Код спеціальності для авторефератів
Код спеціальності 10.01.06
Назва спеціальності теорія літератури
100 ## - Основне введення – ім’я особи
Ім’я особи (НП) Балдинюк В. Д.
245 ## - Відомості про назву
Назва (НП) Наративні моделі сучасної української історичної прози (за творчістю Павла Загребельного та Валерія Шевчука)
Дані про відповідальність (НП) Балдинюк Віра Дмитрівна ; наук. керівник Гундорова Тамара Іванівна
260 ## - Публікація, розповсюдження і т.п. (Вихідні дані)
Місце публікації, розповсюдження і т.п. (П) Київ
Дата публікації, розповсюдження і т.п. (П) 2004
300 ## - Фізичний опис
Обсяг 20 с.
502 ## - Примітка про дисертацію
Зв'язок Автореферат дисертації на здобуття наукового ступеня кандидата філологічних наук<br/>
Наймення інституції, що представляється Інститут літератури імені Т. Г. Шевченка
Рік отримання вченого ступеня 2004
520 ## - Резюме і т.п.
Резюме, реферат, анотація, тощо (НП) Дисертацію присвячено розгляду наративних моделей історичної прози, що сформувалися в другій половині XX століття і відбивають становлення нового історичного знання — уявлення про трансісторичність, постколоніальність і постмодерність. Виділено два основні наративні модуси історичної прози — романтичний і готичний, які генетично успадковані від літератури романтизму і бароко. На основі аналізу історичної прози Павла Загребельного і Валерія Шевчука виокремлено типологічні риси романтичного і готичного модусів, що виявляються на рівні основних топосів, мотивів, авторських концептів, а також комунікативної спрямованості текстів. Прослідковано еволюцію авторської присутності від романтичної до сучасної історичної прози.
650 ## - Додаткове предметне введення – тематичний термін
Джерело заголовка чи терміна UDC
Тематичний термін чи географічна назва, як елемент введення (НП) 82 Література. Літературознавство
942 ## - Додаткові елементи входу (Коха)
Source of classification or shelving scheme Universal Decimal Classification
Тип елемента Koha Автореферат
955 ## - Код типу видання за змістом
Код типу видання за змістом (НП) Наукові видання

Немає доступних примірників.